00752nam a2200229 a 450000100100000000500170001000800410002702000150006804000250008308200260010810000340013424500570016825000120022526000630023730000210030049000260032150000700034758600300041765000220044765000270046983000260049600002139020240530073919.0100907s2007 dr 000 f spa d z1881715604 aDO-SdBNPbspacBNPHU aRD863.44bV145b, 20071 aValdez, Pedro Antonio,d1968-10aBachata del ángel caído /cPedro Antonio Valdez. a5a. ed. aSan Juan, Puerto RicoaSanto Domingo :bIsla Negra,c2007. a187 p. ;c22 cm.1 aLa montaña de papel aIncluye datos biográficos del autor en la solapa de la cubierta aPremio Nacional de Novela 0aNovela dominicana 0aLiteratura dominicana. 0aLa montaña de papel